000
00317nam a2200145Ia 4500
100
_a
Backhurst / nigel
942
_c
BK
654
_a
C tutorial
245
_a
C tutorial turbo C
260
_b
Galgotia Publications
_a
Delhi
_c
1991
082
_a
001.6424TCc
_b
BAC
300
_a
300
546
_a
ENGLISH
999
_c
19947
_d
19947